000 01525cam a2200145 4500500
005 20260405015740.0
041 _afre
042 _adc
100 1 0 _aOrio, Lucien
_eauthor
700 1 0 _aQuilès, Jean-José
_eauthor
245 0 0 _aKeynes : Les enjeux de la Théorie générale
260 _bArmand Colin,
_c2009.
520 _aRécemment encore, le nom de Keynes était associé aux déficits publics, à l’inflation, au laxisme des politiques budgétaires et au poids excessif de l’État dans l’économie. Avec la réapparition de la crise économique, il n’est plus question que du retour de Keynes. Les détracteurs d’hier sont soudain devenus les plus grands admirateurs ! Et chacun cherche à puiser dans l’oeuvre de Keynes, et notamment dans la Théorie générale, tous les antidotes possibles. D’où l’intérêt du présent ouvrage qui est à la fois une introduction à la Théorie générale, mais aussi une présentation raisonnée et argumentée des enjeux de la pensée keynésienne. Placée sous le signe du pragmatisme, son œuvre contient des principes radicalement neufs qui fondent toujours un message économique propre aux questions du XXIe siècle. Le présent ouvrage s’adresse aux étudiants de classes préparatoires, de sciences économiques et des IEP, ainsi qu’à tous ceux qui s’intéressent à la théorie économique, ses débats, ses applications politiques. 
856 4 1 _uhttps://shs.cairn.info/keynes--9782200244217?lang=fr&redirect-ssocas=7080
999 _c2117844
_d2117844